The Riverside Shakespeare / (Record no. 368)
[ view plain ]
| 000 -LEADER | |
|---|---|
| fixed length control field | 00632cam a2200181 4500 |
| 001 - CONTROL NUMBER | |
| control field | 460 |
| 005 - DATE AND TIME OF LATEST TRANSACTION | |
| control field | 20181127161527.0 |
| 008 - FIXED-LENGTH DATA ELEMENTS--GENERAL INFORMATION | |
| fixed length control field | 740313s1974 maua b 000 0 eng |
| 010 ## - LIBRARY OF CONGRESS CONTROL NUMBER | |
| LC control number | 73010712 |
| 020 ## - INTERNATIONAL STANDARD BOOK NUMBER | |
| International Standard Book Number | 0395044022 |
| 100 1# - MAIN ENTRY--PERSONAL NAME | |
| Personal name | Shakespeare, William, |
| Dates associated with a name | 1564-1616. |
| 245 14 - TITLE STATEMENT | |
| Title | The Riverside Shakespeare / |
| Statement of responsibility, etc. | Textual editor: G. Blakemore Evans; General introd.: Harry Levin. |
| 260 ## - PUBLICATION, DISTRIBUTION, ETC. | |
| Place of publication, distribution, etc. | Boston : |
| Name of publisher, distributor, etc. | Houghton Mifflin, |
| Date of publication, distribution, etc. | 1974. |
| 300 ## - PHYSICAL DESCRIPTION | |
| Extent | xvi, 1902 p. : |
| Other physical details | ill. ; |
| Dimensions | 27 cm. |
| 504 ## - BIBLIOGRAPHY, ETC. NOTE | |
| Bibliography, etc. note | Bibliography: p. 1894-1900. |
| 700 1# - ADDED ENTRY--PERSONAL NAME | |
| Personal name | Evans, G. Blakemore |
| Fuller form of name | (Gwynne Blakemore), |
| Dates associated with a name | 1912-2005, |
| Relator term | ed. |
| 856 ## - ELECTRONIC LOCATION AND ACCESS | |
| Host name | |
| Uniform Resource Identifier | <a href="http://shakespeare.mit.edu/">http://shakespeare.mit.edu/</a> |
| Link text | |
| Public note | |
| Materials specified | |
| Withdrawn status | Lost status | Source of classification or shelving scheme | Damaged status | Not for loan | Collection code | Home library | Current library | Shelving location | Serial Enumeration / chronology | Inventory number | Total Checkouts | Full call number | Barcode | Date last seen | Price effective from | Koha item type |
|---|---|---|---|---|---|---|---|---|---|---|---|---|---|---|---|---|
| Dewey Decimal Classification | Main TEST | RTC Library | RTC Library | Main opac | 691 | 822.23 RIV | 30002028 | 27/11/2018 | 27/11/2018 | Main |